Vitales y libres.

Saved in:
Bibliografiske detaljer
Hovedforfatter: Nájera Martínez, Eusebio Manuel (autor)
Andre forfattere: Godoy Ormazábal, Wendy, Díaz Letelier, María Luisa
Format: Bog
Sprog:spansk
Udgivet: Santiago, Chile MINEDUC 1999
Fag:
Tags: Tilføj Tag
Ingen Tags, Vær først til at tagge denne postø!

MARC

LEADER 00000nam a2200000 a 4500
001 UCO9282
003 CL-VaPUC
005 20231109073933.0
008 010125e19990000CL |||||||||||||||||spa|d
999 |c 293544  |d 293542 
040 |c Pontificia Universidad Católica de Valparaíso 
082 0 4 |a 362.29 NAJ 1999  |2 21 
100 |a Nájera Martínez, Eusebio Manuel  |e autor  |9 531650 
245 1 0 |a Vitales y libres. 
246 1 0 |a Manual de prevención del consumo de drogas desde las claves: identidad, cultura y participación juvenil 
260 0 3 |a Santiago, Chile  |b MINEDUC  |c 1999 
300 |a 111 páginas. 
583 |a last modification  |c 20010125 00:00:00  |k Rodrigo Vera 
650 0 |a Drogas  |9 254877 
650 7 |a PREVENCION  |2 CL-VaPUC  |9 322995 
650 0 |a Abuso de drogas  |9 254876 
650 0 |a Problemas sociales  |9 258537 
650 0 |a Juventud  |9 271073 
650 0 |a Acción social  |9 307836 
700 |a Godoy Ormazábal, Wendy  |9 465492 
700 0 |a Díaz Letelier, María Luisa  |9 454347 
942 |c BK  |2 ddc 
945 |d 20010125 00:00:00  |a cmena 
952 |0 0  |1 0  |2 ddc  |4 0  |6 362_290000000000000_NAJ_1999  |7 0  |8 A  |9 345129  |a BIBEDU  |b BIBEDU  |c ES_NOD  |d 2019-11-20  |i 368606K  |o 362.29 NAJ 1999  |p 368606K  |r 2023-08-09  |t 1  |w 2019-11-20  |y BK  |k BME 
952 |0 0  |1 0  |2 ddc  |4 0  |6 362_290000000000000_NAJ_1999  |7 0  |8 A  |9 345130  |a BIBEDU  |b BIBEDU  |c ES_NOD  |d 2019-11-20  |i 3821277  |o 362.29 NAJ 1999  |p 3821277  |r 2023-08-09  |t 3  |w 2019-11-20  |y BK  |k EPE 
952 |0 0  |1 0  |2 ddc  |4 0  |6 362_290000000000000_NAJ_1999  |7 0  |8 A  |9 345131  |a BIBGIM  |b BIBGIM  |d 2019-11-20  |i 3893030  |o 362.29 NAJ 1999  |p 3893030  |r 2025-01-15  |t 2  |w 2019-11-20  |y BK  |k GIM 
952 |0 0  |1 0  |2 ddc  |4 0  |6 362_290000000000000_NAJ_1999  |7 0  |8 A  |9 345132  |a BIBEDU  |b BIBEDU  |c ES_NOD  |d 2019-11-20  |i 3893294  |o 362.29 NAJ 1999  |p 3893294  |r 2023-08-09  |t 4  |w 2019-11-20  |y BK  |k BME 
952 |0 0  |1 0  |2 ddc  |4 0  |6 362_290000000000000_NAJ_1999  |7 0  |8 A  |9 345133  |a BIBEDU  |b BIBEDU  |c ES_NOD  |d 2019-11-20  |i 4469976  |o 362.29 NAJ 1999  |p 4469976  |r 2023-08-09  |t 5  |w 2019-11-20  |y BK  |k EPE